000 00623nam a2200241Ia 4500
001 20961
005 20240114000538.0
007 ta
008 060228s1980 a g b000 u 465 u
040 _aCotton College,Assam
041 _a465
082 _a532.5
_bSw 25 Hy
100 _aSwarup, Shanti .
245 0 _aHydrodynamics /
_cShanti Swarup.
_hTextual Documents
250 _a4th ed. /
260 _aMeerut :
_bKrishna Prakashan Mandir ,
_c1980.
300 _a432p. :
_bill ;
_c22cm .
653 _aHydrodynamics
653 _aG-Physics
942 _2ddc
_cBK
999 _c20943
_d20943